|
|
|
|
| LEADER |
00908nam a2200253 4500 |
| 001 |
DLU120144344 |
| 005 |
##20121203 |
| 040 |
# |
# |
|a DLU
|b vie
|
| 041 |
# |
# |
|a vie
|
| 044 |
# |
# |
|a vn
|
| 100 |
# |
# |
|a Nguyễn Kim Minh.
|
| 245 |
# |
# |
|a Xác định một số phương hướng cải tiến chương trình mô học thể dục ở các lớp cấp I và II /
|c Nguyễn Kim Minh, Vũ Học Hải, Trần Đồng Lâm.
|
| 700 |
# |
# |
|a Trần Đồng Lâm.
|
| 700 |
# |
# |
|a Vũ Học Hải
|
| 773 |
# |
# |
|t Tuyển tập nghiên cứu khoa học giáo dục sức khỏe, thể chất trong nhà trường các cấp,
|g 1993, tr. 136-137
|
| 920 |
# |
# |
|a Phòng Tạp chí -- Trung tâm Thông tin - Thư viện Trường Đại học Đà Lạt
|
| 994 |
# |
# |
|a DLU
|
| 900 |
# |
# |
|a True
|
| 911 |
# |
# |
|a Nguyễn Thị Mai Anh
|
| 925 |
# |
# |
|a G
|
| 926 |
# |
# |
|a A
|
| 927 |
# |
# |
|a BB
|
| 980 |
# |
# |
|a Thư viện Trường Đại học Đà Lạt
|